Normale Ansicht MARC-Ansicht ISBD

Grillen im Park bleibt verboten: (Titelsatznr. 80307)

[ MARC ]
MARC-Details
000 -Satzkennung
Kontrollfeld mit fester Länge 00663nam a22001457a 4500
008 - Feld mit fester Länge zur physischen Beschreibung - Allgemeine Angaben
Kontrollfeld mit fester Länge 201130b ||||| |||| 00| 0 eng d
040 ## - Katalogisierungsquelle
Katalogisierungssprache ger
Übertragungsstelle STAFF
Beschreibungsfestlegungen rda
Original-Katalogisierungsstelle ISIL EINTRAGEN
100 ## - Person oder Familie als 1. geistiger Schöpfer
Personenname Gutke, Thomas
245 ## - Titel
Haupttitel Grillen im Park bleibt verboten:
Titelzusatz Kommunalpolitik: Die Stadtverordneten haben am Donnerstag eine neue Stadtordnung beschlossen... Auch das Alkoholverbot im Lennépark bleibt bestehen/
Verantwortlichkeitsangabe Thomas Gutke
773 ## - Übergeordnete Einheit
Ort, Verlag und Erscheinungsjahr Frankfurt (Oder): Märkisches Verlags- und Druckhaus GmbH & Co KG
Verknüpfungsangaben 31. Jahrgang (2020) Nr. 284 vom 05.12. - 06.12.2020, S. 18
Titel Märkische Oderzeitung
942 ## - Zusätzliche Felder (Koha)
Koha-Medientyp Aufsätze

Keine Exemplare verfügbar.